000 00838nam a2200289 i 4500
001 18891
003 ES-MaACL
005 20230906151940.0
007 t|
008 020409s2001 sp ||||1| spa d
020 _a84-8323-219-7
080 _a008:33
080 _a316.334.2
100 1 _aThrosby, David.
_9110171
245 1 0 _aEconomía y cultura /
_cDavid Throsby ; traducción de Cristina Piña y María Condor.
250 _a1ª ed.
260 _aMadrid :
_bCambridge University Press,
_c2001.
300 _a223 p. ;
_c23 cm.
490 1 _aEconomía
650 _aEconomía de la cultura.
_9172976
650 _aSociología económica.
_917213
700 1 _aPiña, Cristina.
_992244
700 1 _aCóndor Orduña, María.
_940150
830 1 _aEconomía
_9177792
852 _aES-MaACL
_jL-25366
999 _c18891
_d18891